00354 a2200121 4500040001300000082001200013100002300025245008000048260004900128300002100177500001900198650001500217 aDLCbDLC a 301.08 a Ross, H. Laurence aPrespectives on the social order: Readings in sociologycH. Laurence Ross, aIslamabad:bNational Book Foundation,c1968. a467 p.c; 24 cm. aIncludes Index aSociology.